000 00615cam a2200181 4500
001 ##L132386
008 060201n1995 000 0 eng u
035 _a(Sirsi) u132386
041 0 _aeng
050 0 4 _a338.4569 $2 18
110 2 _aCambridge Econometrics
_92154
245 0 0 _aUK construction prospects
_banalysis and forecasts to 2002
_bMarch 1995
260 _aCambridge
_bCambridge Econometrics
_c1995
300 _aviii, 40p.
_c30cm.
520 _aExamines the prospects for the UK construction industry within the context of the overall economy.
690 _aConstruction management
_96230
942 _n0
999 _c105120
_d105120